书目信息 |
| 题名: |
体育社会组织创新发展路径研究
|
|
| 作者: | 田宝山 , 田燏甲 著 | |
| 分册: | ||
| 出版信息: | 北京 中国水利水电出版社 2019 |
|
| 页数: | 191页 | |
| 开本: | 24cm | |
| 丛书名: | ||
| 单 册: | ||
| 中图分类: | G812.1 | |
| 科图分类: | ||
| 主题词: | 体育组织--ti yu zu zhi--发展--研究--中国 | |
| 电子资源: | ||
| ISBN: | 978-7-5170-7738-1 | |
| 000 | 01009nam0 2200277 450 | |
| 001 | 012001004217 | |
| 005 | 20140102154740.0 | |
| 010 | @a978-7-5170-7738-1@dCNY54.00 | |
| 099 | @aCAL 012019121254 | |
| 100 | @a20190807d2019 em y0chiy50 ea | |
| 101 | 0 | @achi |
| 102 | @aCN@b110000 | |
| 105 | @aak a 000yy | |
| 106 | @ar | |
| 200 | 1 | @a体育社会组织创新发展路径研究@Ati yu she hui zu zhi chuang xin fa zhan lu jing yan jiu@f田宝山, 田燏甲著 |
| 210 | @a北京@c中国水利水电出版社@d2019 | |
| 215 | @a191页@c图@d24cm | |
| 300 | @a河南省哲学社会科学规划项目2017BTY005研究成果 | |
| 320 | @a有书目 (第188-191页) | |
| 330 | @a本书从我国体育社会组织的发展现状及现实需求出发, 结合国内外体育社会组织的理论与实践, 对体育社会组织建设与管理的有关理论与实践进行了系统、全面的梳理。 | |
| 606 | 0 | @a体育组织@Ati yu zu zhi@x发展@x研究@y中国 |
| 690 | @aG812.1@v4 | |
| 701 | 0 | @a田宝山@Atian bao shan@4著 |
| 701 | 0 | @a田燏甲@Atian yu jia@4著 |
| 801 | @b江苏凤凰@c20191020 | |
| 905 | @b1238223-8@dG812.1@e136@f6 | |
| 体育社会组织创新发展路径研究/田宝山, 田燏甲著.-北京:中国水利水电出版社,2019 |
| 191页:图;24cm |
| 河南省哲学社会科学规划项目2017BTY005研究成果 |
| ISBN 978-7-5170-7738-1:CNY54.00 |
| 本书从我国体育社会组织的发展现状及现实需求出发, 结合国内外体育社会组织的理论与实践, 对体育社会组织建设与管理的有关理论与实践进行了系统、全面的梳理。 |
| ● |
| 相关链接 |
|
|
|
|
正题名:体育社会组织创新发展路径研究
索取号:G812.1/136
 
预约/预借
| 序号 | 登录号 | 条形码 | 馆藏地/架位号 | 状态 | 备注 |
| 1 | 1238223 | 212382232 | 第一样本阅览室/ [索取号:G812.1/136] | 在馆 | |
| 2 | 1238224 | 212382241 | 教育系资料室/ [索取号:G812.1/136] | 在馆 | |
| 3 | 1238225 | 212382250 | 教育系资料室/ [索取号:G812.1/136] | 在馆 | |
| 4 | 1238226 | 212382269 | 第四借阅区/ [索取号:G812.1/136] | 在馆 | |
| 5 | 1238227 | 212382278 | 第四借阅区/ [索取号:G812.1/136] | 在馆 | |
| 6 | 1238228 | 212382287 | 第四借阅区/ [索取号:G812.1/136] | 在馆 |